000
00265nam a2200109Ia 4500
008
200302s9999 xx 000 0 und d
100
_a
Lynne Gilberg
245
_a
Southern Living Roofing & Siding
260
_b
Oxmoor House Inc.,
260
_c
2000
300
_a
128 P.,
999
_c
1481
_d
1481